[Event "Chioggia op-B 05th"]
[Site "Chioggia"]
[Date "2010.10.10"]
[Round "4"]
[White "Pieropan, Giorgio"]
[Black "Rombaldoni, Sharon"]
[Result "1-0"]
[WhiteElo "1715"]
[BlackElo "1622"]
[PlyCount "61"]
[EventDate "2010.10.08"]
[EventType "swiss"]
[EventRounds "5"]
[EventCountry "ITA"]
[SourceTitle "EXT 2022"]
[Source "ChessBase"]
[SourceDate "2021.10.06"]
[SourceVersion "1"]
[SourceVersionDate "2021.10.06"]
[SourceQuality "1"]

1. Nf3 c5 2. g3 Nc6 3. Bg2 d5 4. d4 e6 5. 0-0 Nf6 6. c3 Bd6 7. Nbd2 0-0 8. Re1 Re8 9. e4 e5 10. dxe5 Bxe5 11. exd5 Nxd5 12. Nxe5 Rxe5 13. Rxe5 Nxe5 14. Qh5 Qd6 15. f4 Nxf4 16. gxf4 Ng4 17. Qd5 Qe7 18. Qe4 Qxe4 19. Nxe4 Rb8 20. Nxc5 b6 21. Nb3 Be6 22. Nd4 Rd8 23. Bf3 Bd7 24. f5 Ne5 25. Be2 Re8 26. Bf4 f6 27. Bxe5 fxe5 28. Bc4+ Kh8 29. Nb5 a5 30. Nd6 Rf8 31. Nf7+ 1-0

[Event "ITA-ch (Women)"]
[Site "Porto San Giorgio"]
[Date "2004.08.26"]
[Round "7"]
[White "Rombaldoni, Sharon"]
[Black "Negri, Ornella"]
[Result "0-1"]
[WhiteElo "1440"]
[BlackElo "1700"]
[PlyCount "116"]
[EventDate "2004.08.20"]
[EventType "swiss"]
[EventRounds "9"]
[EventCountry "ITA"]
[SourceTitle "EXT 2005"]
[Source "ChessBase"]
[SourceDate "2004.11.15"]
[SourceVersion "1"]
[SourceVersionDate "2004.11.15"]
[SourceQuality "1"]

1. e4 d5 2. Nc3 dxe4 3. Nxe4 e5 4. Bc4 Nf6 5. Nxf6+ Qxf6 6. Nf3 Bc5 7. 0-0 0-0 8. d3 h6 9. Re1 Nc6 10. Be3 Bd6 11. d4 e4 12. Nd2 Bf5 13. d5 Ne5 14. Bf4 Nf3+ 15. Nxf3 Bxf4 16. Qd4 exf3 17. Qxf6 gxf6 18. gxf3 Bh3 19. Bf1 Bxf1 20. Rxf1 Kh7 21. Rfe1 Rg8+ 22. Kh1 Rg5 23. Re4 Be5 24. f4 Rg4 25. Rae1 Rxf4 26. Rxf4 Bxf4 27. Re7 Rf8 28. Re4 Be5 29. Rb4 b6 30. Ra4 a5 31. b4 axb4 32. Rxb4 Ra8 33. f4 Bd6 34. Rb2 Bxf4 35. c4 Bd6 36. Rf2 Kg6 37. Rg2+ Kh7 38. Rf2 Be5 39. Rc2 Bd4 40. Rd2 Bc5 41. h3 Ra3 42. Kg2 f5 43. Kh2 f4 44. Kg2 f3+ 45. Kf1 Rc3 46. Rd1 Rxc4 47. Re1 Rc2 48. Rd1 Rh2 49. Ke1 Rh1+ 50. Kd2 Rh2+ 51. Ke1 Bb4+ 52. Rd2 Bxd2+ 53. Kd1 f2 54. Kxd2 f1Q+ 55. Kc3 Qxh3+ 56. Kd4 Qh4+ 57. Ke5 Re2+ 58. Kf5 Qg5# 0-1